000 00700nam a2200205Ii 4500
003 JO-AjNU
008 230605s9999||||xx |||||||||||||| ||und||
040 _aJO-AjNU
_bara
_erda
_cJO-AjNU
041 _aara
050 1 4 _aPJ7816.A437.A16 1985
100 3 _aالبرادعي، خالد محي الدين,
_eauthor
_919604
245 0 0 _aحكاية الأميرة جنان: حكاية شعرية
250 _aط1
264 3 1 _aدمشق: دار طلاس للدراسات والترجمة والنشر، 1985
300 _a192ص
336 _atext
_btxt
_2rdacontent
337 _aunmediated
_bn
_2rdamedia
338 _avolume
_bnc
_2rdacarrier
650 4 _aالشعر العربي- قرن 20
_919605
999 _aA6498
_c10066
_d10066